Govt. of
Madhya Pradesh

The Asvamedha (Record no. 64849)

MARC details
000 -LEADER
fixed length control field 00218nam a2200097Ia 4500
008 - FIXED-LENGTH DATA ELEMENTS--GENERAL INFORMATION
fixed length control field 221009s9999 xx 000 0 und d
082 ## - DEWEY DECIMAL CLASSIFICATION NUMBER
Classification number 294.5/KAR
100 ## - MAIN ENTRY--PERSONAL NAME
Personal name Kak, Subhash
9 (RLIN) 7582
245 #4 - TITLE STATEMENT
Title The Asvamedha
942 ## - ADDED ENTRY ELEMENTS (KOHA)
Koha item type Books

No items available.